[Event "Montcalm 5 2024-25"]
[Site "Quebec CAN"]
[Date "2025.02.20"]
[Round "1"]
[White "Fortin, Claude"]
[Black "Glode, Martin"]
[Result "0-1"]
[WhiteElo "1470"]
[BlackElo "1843"]
[WhiteFideId "-1"]
[WhiteFideId "-1"]
[PlyCount "82"]
[GameId "2148119705395393"]
[EventDate "2025.02.20"]
[EventType "swiss"]
[EventRounds "5"]
[EventCountry "CAN"]

1. e4 Nf6 2. Nc3 d5 3. exd5 Nxd5 4. Nxd5 Qxd5 5. Nf3 Bg4 6. Be2 e5 7. d3 Nc6 8. Bd2 Be7 9. O-O O-O 10. Bc3 Bf6 11. Nd2 Bf5 12. Bf3 Qd7 13. Ne4 Be7 14. g3 Rad8 15. Qe1 Bh3 16. Bg2 Bxg2 17. Kxg2 Qd5 18. f3 f5 19. Nd2 Bf6 20. Nb3 Rfe8 21. Qf2 b6 22. Rfe1 Re6 23. Re2 Rde8 24. Rae1 a5 25. a4 Kf7 26. Kg1 Nb4 27. Nc1 Nc6 28. b3 Be7 29. h3 Bc5 30. Re3 f4 31. Bd2 fxe3 32. Bxe3 Bxe3 33. Qxe3 Qd4 34. Kf2 Kf6 35. Ne2 Qxe3+ 36. Kxe3 Nd4 37. Rc1 Nxe2 38. Kxe2 Kf5 39. Kf2 c5 40. Re1 Rd8 41. Ke3 Red6 0-1

[Event "Montcalm 5 2024-25"]
[Site "Quebec CAN"]
[Date "2025.02.20"]
[Round "1"]
[White "Gagnon, Alain"]
[Black "Drolet, Stephane"]
[Result "0-1"]
[WhiteElo "1627"]
[BlackElo "2038"]
[WhiteFideId "-1"]
[WhiteFideId "-1"]
[PlyCount "68"]
[GameId "2148119705395387"]
[EventDate "2025.02.20"]
[EventType "swiss"]
[EventRounds "5"]
[EventCountry "CAN"]

1. d4 Nf6 2. Nc3 c5 3. d5 e5 4. e4 d6 5. Bd3 Be7 6. Nge2 Nbd7 7. O-O a6 8. a4 Qc7 9. Ng3 h5 10. Nf5 Bf8 11. Bg5 g6 12. Ne3 Nh7 13. Bh4 g5 14. Qxh5 gxh4 15. f4 exf4 16. Rxf4 Ne5 17. a5 Be7 18. Nc4 Bg5 19. Raf1 Bxf4 20. Rxf4 Nxc4 21. Bxc4 Qe7 22. e5 Kd8 23. exd6 Qe3+ 24. Rf2 Bd7 25. Qxh4+ Qg5 26. Qe4 f5 27. Qe7+ Qxe7 28. dxe7+ Kxe7 29. d6+ Kd8 30. Re2 Re8 31. Rxe8+ Bxe8 32. Nd5 Rc8 33. Ne7 Bd7 34. Nxc8 Bxc8 {Blancs perdent au temps.} 0-1

[Event "Montcalm 5 2024-25"]
[Site "Quebec CAN"]
[Date "2025.02.20"]
[Round "1"]
[White "Gaulin, Gaetan"]
[Black "Huxley, Zachary"]
[Result "1/2-1/2"]
[WhiteElo "1894"]
[BlackElo "1530"]
[WhiteFideId "-1"]
[WhiteFideId "-1"]
[PlyCount "127"]
[GameId "2148119705395390"]
[EventDate "2025.02.20"]
[EventType "swiss"]
[EventRounds "5"]
[EventCountry "CAN"]

1. Nf3 d5 2. c4 e6 3. g3 Nf6 4. Bg2 Bd6 5. d4 Bd7 6. Ne5 Nc6 7. Nxc6 Bxc6 8. O-O O-O 9. Nc3 Qd7 10. Bg5 Be7 11. c5 a5 12. Qd3 b6 13. cxb6 cxb6 14. a4 Rfe8 15. Rfd1 Rac8 16. b3 h6 17. Bf4 Bd6 18. Rac1 Bxf4 19. gxf4 Bb7 20. e3 Qe7 21. Ne2 Ng4 22. h3 Nf6 23. Qb5 Qd6 24. Ng3 Re7 25. Rxc8+ Bxc8 26. Rc1 Rc7 27. Rxc7 Qxc7 28. Bf1 Bd7 29. Qa6 Bc8 30. Qd3 Nd7 31. Be2 Nf6 32. Kg2 Bb7 33. f3 g6 34. Bd1 Kg7 35. Ne2 Qc8 36. Qc3 Qxc3 37. Nxc3 Ba6 38. Be2 Bxe2 39. Nxe2 Ne8 40. Nc3 Nd6 41. Kf2 Kf6 42. e4 dxe4 43. fxe4 Ke7 44. Ke3 g5 45. fxg5 hxg5 46. Kf3 f5 47. e5 Nb7 48. Kg3 Nd8 49. h4 Nc6 50. Ne2 g4 51. Kf4 Kf7 52. d5 Nb4 53. dxe6+ Kxe6 54. Nd4+ Kd5 55. Nxf5 Nd3+ 56. Kxg4 Nxe5+ 57. Kg3 Kc5 58. h5 Nf7 59. Kf4 Kb4 60. Nd4 Kc3 61. Ke4 Nh6 62. Ke3 Nf7 63. Ke4 Nh6 64. Ke3 1/2-1/2

[Event "Montcalm 5 2024-25"]
[Site "Quebec CAN"]
[Date "2025.02.20"]
[Round "1"]
[White "Lapierre, Gaetan"]
[Black "Berube, Antoine"]
[Result "0-1"]
[WhiteElo "1690"]
[BlackElo "2197"]
[WhiteFideId "-1"]
[WhiteFideId "-1"]
[PlyCount "65"]
[GameId "2148119705395385"]
[EventDate "2025.02.20"]
[EventType "swiss"]
[EventRounds "5"]
[EventCountry "CAN"]

1. e4 c5 2. Nc3 Nc6 3. g3 g6 4. Bg2 Bg7 5. Nge2 d6 6. d3 e6 7. Nf4 Nge7 8. O-O Rb8 9. h4 h5 10. a4 a6 11. Nce2 O-O 12. c3 e5 13. Nh3 d5 14. exd5 Nxd5 15. Qb3 Nde7 16. Ng5 Qxd3 17. Rd1 Qxe2 18. Be3 c4 19. Qa2 Qc2 20. Be4 Qb3 21. Qb1 Nd4 22. cxd4 exd4 23. Bxd4 Bxd4 24. Rxd4 Bf5 25. Ra3 Qb4 26. Rf3 Qc5 27. Qd1 Bg4 28. Qd2 Bxf3 29. Bxf3 b5 30. Bxh5 b4 31. Ne4 c3 32. Qh6 Qxd4 33. Ng5 {Les Blancs ont perdu au temps en jouant ce coup.} 0-1

[Event "Montcalm 5 2024-25"]
[Site "Quebec CAN"]
[Date "2025.02.20"]
[Round "1"]
[White "Mungroo, Dharmein"]
[Black "Poliquin, Yvon"]
[Result "0-1"]
[WhiteElo "1492"]
[BlackElo "1875"]
[WhiteFideId "-1"]
[WhiteFideId "-1"]
[PlyCount "78"]
[GameId "2148119705395391"]
[EventDate "2025.02.20"]
[EventType "swiss"]
[EventRounds "5"]
[EventCountry "CAN"]

1. b4 d5 2. b5 a6 3. e3 axb5 4. Bxb5+ c6 5. Be2 e5 6. Bb2 Nd7 7. c4 Ngf6 8. Qc2 Bd6 9. Nf3 Qe7 10. O-O O-O 11. Nc3 dxc4 12. Bxc4 Nb6 13. Be2 Bg4 14. Ne4 Nxe4 15. Qxe4 f5 16. Qc2 Kh8 17. d4 Bxf3 18. dxe5 Bxe5 19. Bxf3 Bxb2 20. Qxb2 Nc4 21. Qc2 Ne5 22. Be2 Ra7 23. a4 Rfa8 24. Qxf5 g6 25. Qc2 b5 26. Rfb1 Rxa4 27. Qb2 Qf6 28. Rxa4 Rxa4 29. Qc2 Nc4 30. Rd1 Kg7 31. Bf3 Ne5 32. Be2 Qe6 33. Qc3 Qf6 34. Qc5 Ra2 35. f4 Rxe2 36. Rd6 Ng4 37. Rd7+ Kh6 38. Qg5+ Qxg5 39. fxg5+ Kxg5 0-1

[Event "Montcalm 5 2024-25"]
[Site "Quebec CAN"]
[Date "2025.02.20"]
[Round "1"]
[White "Plante, Rejean"]
[Black "Miskic, Zdenko"]
[Result "1-0"]
[WhiteElo "1957"]
[BlackElo "1582"]
[WhiteFideId "-1"]
[WhiteFideId "-1"]
[PlyCount "41"]
[GameId "2148119705395388"]
[EventDate "2025.02.20"]
[EventType "swiss"]
[EventRounds "5"]
[EventCountry "CAN"]

1. c4 Nf6 2. Nc3 e6 3. g3 d5 4. d4 dxc4 5. Qa4+ c6 6. Qxc4 Nbd7 7. Nf3 Nb6 8. Qb3 Be7 9. Bg2 O-O 10. O-O Nfd5 11. e4 Nxc3 12. bxc3 c5 13. Be3 cxd4 14. cxd4 Bf6 15. a4 Bd7 16. a5 Nc8 17. e5 Be7 18. Qxb7 Nd6 19. exd6 Bxd6 20. Ne5 Bxe5 21. dxe5 1-0

[Event "Montcalm 5 2024-25"]
[Site "Quebec CAN"]
[Date "2025.02.20"]
[Round "1"]
[White "Pouliot, Lewis"]
[Black "Laflamme, Simon"]
[Result "0-1"]
[WhiteElo "1451"]
[BlackElo "1758"]
[WhiteFideId "-1"]
[WhiteFideId "-1"]
[PlyCount "54"]
[GameId "2148119705395395"]
[EventDate "2025.02.20"]
[EventType "swiss"]
[EventRounds "5"]
[EventCountry "CAN"]

1. Nf3 d5 2. d4 Nf6 3. g3 Bf5 4. Bg2 h6 5. O-O c6 6. b3 e6 7. c4 Bd6 8. c5 Bc7 9. b4 Nbd7 10. Bb2 O-O 11. Nh4 Bh7 12. f4 Be4 13. Nf3 a5 14. a3 axb4 15. axb4 Rxa1 16. Bxa1 Qa8 17. Nc3 Bh7 18. Bb2 Qa6 19. Qd2 Qc4 20. Na4 Ne4 21. Qe1 Ra8 22. Nb6 Bxb6 23. cxb6 Ra2 24. Nd2 Nxd2 25. Qxd2 Qb3 26. Ra1 Rxa1+ 27. Bxa1 Qb1+ 0-1

[Event "Montcalm 5 2024-25"]
[Site "Quebec CAN"]
[Date "2025.02.20"]
[Round "1"]
[White "Sarra-Bournet, Marc"]
[Black "Boissinot, Claude"]
[Result "1-0"]
[WhiteElo "1766"]
[BlackElo "1466"]
[WhiteFideId "-1"]
[WhiteFideId "-1"]
[PlyCount "49"]
[GameId "2148119705395394"]
[EventDate "2025.02.20"]
[EventType "swiss"]
[EventRounds "5"]
[EventCountry "CAN"]

1. e4 e5 2. Nf3 Nc6 3. Bb5 a6 4. Ba4 Nf6 5. O-O Bc5 6. c3 b5 7. Bc2 d5 8. exd5 Qxd5 9. Qe2 O-O 10. h3 Bb7 11. d3 Rae8 12. Bg5 Nh5 13. Nbd2 Ng3 14. Qd1 Nxf1 15. Qxf1 Qd6 16. Ne4 Qd5 17. Bb3 Qd7 18. Nxc5 Qc8 19. Nxb7 Qxb7 20. Bd5 h6 21. Be3 g5 22. Bc5 Kg7 23. Bxf8+ Kxf8 24. Qe1 f6 25. Qe4 1-0

[Event "Montcalm 5 2024-25"]
[Site "Quebec CAN"]
[Date "2025.02.20"]
[Round "1"]
[White "Sauve, Richard"]
[Black "Michaud, Jacques"]
[Result "1-0"]
[WhiteElo "1851"]
[BlackElo "1487"]
[WhiteFideId "-1"]
[WhiteFideId "-1"]
[PlyCount "66"]
[GameId "2148119705395392"]
[EventDate "2025.02.20"]
[EventType "swiss"]
[EventRounds "5"]
[EventCountry "CAN"]

1. d4 Nf6 2. c4 g6 3. Nc3 d5 4. e3 Bg7 5. Nf3 Bg4 6. Qb3 Bxf3 7. gxf3 dxc4 8. Bxc4 O-O 9. Qxb7 Nbd7 10. Qb3 c5 11. d5 Ne5 12. Be2 c4 13. Qd1 Qc7 14. e4 Rfd8 15. f4 Nd3+ 16. Bxd3 cxd3 17. Qxd3 e6 18. O-O exd5 19. e5 Nh5 20. Be3 d4 21. Nb5 Qd7 22. Nxd4 Qg4+ 23. Kh1 Nxf4 24. Qe4 Bxe5 25. Rg1 Qh5 26. Nf3 Nd3 27. Rg5 Qh3 28. Nxe5 Nxe5 29. Rxe5 f5 30. Qg2 Qh5 31. Rd5 Rdc8 32. Rad1 Rab8 33. b3 Rb6 1-0

[Event "Montcalm 5 2024-25"]
[Site "Quebec CAN"]
[Date "2025.02.20"]
[Round "1"]
[White "Simard, Rejean"]
[Black "Barrera, Eduardo"]
[Result "0-1"]
[WhiteElo "1110"]
[BlackElo "1717"]
[WhiteFideId "-1"]
[WhiteFideId "-1"]
[PlyCount "68"]
[GameId "2148119705395399"]
[EventDate "2025.02.20"]
[EventType "swiss"]
[EventRounds "5"]
[EventCountry "CAN"]

1. e4 c5 2. Nf3 d6 3. Bc4 Nf6 4. O-O Nxe4 5. d3 Nf6 6. Bg5 e6 7. Nc3 Be7 8. Qd2 O-O 9. Rfe1 a6 10. a3 Nc6 11. Rab1 b5 12. Ba2 Bb7 13. h3 Qc7 14. b4 Rad8 15. bxc5 dxc5 16. Bf4 Qa5 17. Qc1 Qxc3 18. Bd2 Rxd3 19. Bxc3 Rxc3 20. Rb3 Nd5 21. Qb2 Bf6 22. Qb1 c4 23. Rxc3 Nxc3 24. Qc1 Nxa2 25. Qe3 Nc3 26. Kh1 h6 27. Ng1 Nd5 28. Qf3 Nd4 29. Qg4 Nxc2 30. Re4 Nxa3 31. Ne2 c3 32. Nxc3 Nxc3 33. Re3 Nc4 34. Re1 a5 0-1

[Event "Montcalm 5 2024-25"]
[Site "Quebec CAN"]
[Date "2025.02.20"]
[Round "1"]
[White "Tremblay, Noah"]
[Black "Cournoyer, Dominic"]
[Result "0-1"]
[WhiteElo "1581"]
[BlackElo "1925"]
[WhiteFideId "-1"]
[WhiteFideId "-1"]
[PlyCount "72"]
[GameId "2148119705395389"]
[EventDate "2025.02.20"]
[EventType "swiss"]
[EventRounds "5"]
[EventCountry "CAN"]

1. e4 c6 2. d4 d5 3. f3 dxe4 4. fxe4 e5 5. Nf3 exd4 6. Bc4 f6 7. Nxd4 c5 8. Bb5+ Bd7 9. Ne6 Qa5+ 10. Bd2 Qb6 11. Bxd7+ Nxd7 12. Nxf8 Nxf8 13. Nc3 Ne7 14. Qe2 Nfg6 15. O-O-O Ne5 16. Be3 O-O 17. Na4 Qa5 18. Nxc5 Qxa2 19. Nb3 a5 20. Bc5 Rfe8 21. Ba3 a4 22. Nd2 Rac8 23. Nb1 N7g6 24. Qb5 Red8 25. Rxd8+ Rxd8 26. Qxa4 Nf4 27. Qb3+ Kh8 28. Qe3 Qc4 29. Nd2 Qc7 30. Kb1 Ne6 31. Nf3 Nc4 32. Qc3 Ra8 33. Bb4 b5 34. Nd4 Qa7 35. Nb3 Qa2+ 36. Kc1 Qa1+ 0-1

[Event "Montcalm 5 2024-25"]
[Site "Quebec CAN"]
[Date "2025.02.20"]
[Round "1"]
[White "Yergeau, Samuel"]
[Black "Demushkina, Alina"]
[Result "1/2-1/2"]
[WhiteElo "1246"]
[BlackElo "1730"]
[WhiteFideId "-1"]
[WhiteFideId "-1"]
[PlyCount "57"]
[GameId "2148119705395397"]
[EventDate "2025.02.20"]
[EventType "swiss"]
[EventRounds "5"]
[EventCountry "CAN"]

1. e4 c5 2. c3 d5 3. exd5 Qxd5 4. Nf3 Nf6 5. Na3 a6 6. Nc4 b5 7. Ne3 Qd6 8. d4 cxd4 9. Qxd4 e6 10. Be2 Nc6 11. Qxd6 Bxd6 12. O-O O-O 13. a4 b4 14. cxb4 Bxb4 15. Nc4 Bb7 16. Bd3 Rad8 17. Bc2 h6 18. Bd2 Bxd2 19. Ncxd2 Nd4 20. Nxd4 Rxd4 21. Nb3 Rb4 22. Ra2 Bd5 23. Ra3 Rfb8 24. Nc5 R8b6 25. Rc3 Rc4 26. Rxc4 Bxc4 27. Rd1 Bd5 28. b3 a5 29. Rd2 1/2-1/2

[Event "Montcalm 5 2024-25"]
[Site "Quebec CAN"]
[Date "2025.02.27"]
[Round "2"]
[White "Barrera, Eduardo"]
[Black "Plante, Rejean"]
[Result "1-0"]
[WhiteElo "1717"]
[BlackElo "1957"]
[WhiteFideId "-1"]
[WhiteFideId "-1"]
[PlyCount "65"]
[GameId "2150702741486300"]
[EventDate "2025.02.20"]
[EventType "swiss"]
[EventRounds "5"]
[EventCountry "CAN"]

1. e4 c5 2. Nf3 Nc6 3. d4 cxd4 4. Nxd4 Qb6 5. Nxc6 dxc6 6. Bd3 Nf6 7. h3 e5 8. Nd2 Be6 9. Qf3 Nd7 10. O-O Be7 11. Re1 O-O 12. Nf1 Rad8 13. Ng3 Nc5 14. Bf1 Qc7 15. Nf5 Bxf5 16. Qxf5 b5 17. Be3 Ne6 18. a4 b4 19. Red1 c5 20. c3 Rxd1 21. Rxd1 bxc3 22. bxc3 g6 23. Qg4 Qa5 24. Rd7 Bf6 25. Bc4 h5 26. Qd1 Re8 27. Qf3 Qxa4 28. Rb7 Kg7 29. Bb5 Qa1+ 30. Kh2 Rf8 31. Bc4 Nf4 32. Bxc5 Nxg2 33. Bxf8+ 1-0

[Event "Montcalm 5 2024-25"]
[Site "Quebec CAN"]
[Date "2025.02.27"]
[Round "2"]
[White "Berube, Antoine"]
[Black "Sauve, Richard"]
[Result "1-0"]
[WhiteElo "2197"]
[BlackElo "1851"]
[WhiteFideId "-1"]
[WhiteFideId "-1"]
[PlyCount "79"]
[GameId "2150702741486297"]
[EventDate "2025.02.20"]
[EventType "swiss"]
[EventRounds "5"]
[EventCountry "CAN"]

1. c4 e6 2. d4 d5 3. Nf3 Nf6 4. g3 Be7 5. Bg2 O-O 6. O-O dxc4 7. Qc2 a6 8. a4 Bd7 9. Rd1 Bc6 10. Nc3 Bxf3 11. Bxf3 Nc6 12. Bxc6 bxc6 13. a5 Bb4 14. Ra4 Bxc3 15. Qxc3 Ne4 16. Qc2 Nd6 17. e4 Qb8 18. e5 Nf5 19. Rxc4 Ne7 20. Bd2 Re8 21. Bb4 Nd5 22. Ba3 Qb7 23. Rxc6 Reb8 24. Rd3 h6 25. h4 Qb5 26. Rc5 Qe8 27. Rb3 Rxb3 28. Qxb3 Qb8 29. Qxb8+ Rxb8 30. Rc6 Ra8 31. h5 Ra7 32. Kg2 Kh7 33. Kf3 g6 34. hxg6+ Kxg6 35. Ke4 Kh5 36. f4 Rb7 37. f5 Nb4 38. Bxb4 exf5+ 39. Kxf5 Rxb4 40. Rc2 1-0

[Event "Montcalm 5 2024-25"]
[Site "Quebec CAN"]
[Date "2025.02.27"]
[Round "2"]
[White "Boissinot, Claude"]
[Black "Gagnon, Alain"]
[Result "0-1"]
[WhiteElo "1466"]
[BlackElo "1627"]
[WhiteFideId "-1"]
[WhiteFideId "-1"]
[PlyCount "60"]
[GameId "2150702741494502"]
[EventDate "2025.02.20"]
[EventType "swiss"]
[EventRounds "5"]
[EventCountry "CAN"]

1. e4 c6 2. d4 d5 3. exd5 cxd5 4. c4 e6 5. Nf3 Nf6 6. Nc3 Be7 7. Bd3 dxc4 8. Bxc4 O-O 9. O-O a6 10. h3 b5 11. Bd3 Bb7 12. Ne5 Nc6 13. Be3 Nd5 14. Rc1 Nxe3 15. fxe3 Nxe5 16. dxe5 Qb6 17. Qe2 Bg5 18. Nd1 Rac8 19. Rxc8 Rxc8 20. Bxh7+ Kxh7 21. Qh5+ Bh6 22. Kh2 Qc6 23. Qg4 Rc7 24. h4 Qe4 25. Qg3 Rc2 26. Nf2 Qxe3 27. Ng4 Qxg3+ 28. Kxg3 Rxg2+ 29. Kh3 Kg8 30. Rc1 Bxc1 0-1

[Event "Montcalm 5 2024-25"]
[Site "Quebec CAN"]
[Date "2025.02.27"]
[Round "2"]
[White "Cournoyer, Dominic"]
[Black "Bergeron, Nicolas"]
[Result "1-0"]
[WhiteElo "1925"]
[BlackElo "1758"]
[WhiteFideId "-1"]
[WhiteFideId "-1"]
[PlyCount "77"]
[GameId "2150702741486301"]
[EventDate "2025.02.20"]
[EventType "swiss"]
[EventRounds "5"]
[EventCountry "CAN"]

1. c4 e5 2. Nc3 Nf6 3. g3 Bb4 4. Bg2 O-O 5. Nf3 Nc6 6. O-O Re8 7. a3 Bxc3 8. bxc3 d6 9. d4 h6 10. Rb1 e4 11. Ne1 Na5 12. Qa4 b6 13. c5 d5 14. Bf4 Nc4 15. cxb6 Bd7 16. bxc7 Qxc7 17. Qa6 Qc6 18. Qxc6 Bxc6 19. Nc2 Ba4 20. Ne3 Nd2 21. Nxd5 Nxb1 22. Nxf6+ gxf6 23. Rxb1 Rac8 24. Rc1 Bb5 25. e3 Kg7 26. Bh3 Rcd8 27. c4 Bd7 28. Bf1 Rc8 29. Rb1 Bc6 30. Rb4 Re7 31. Bh3 Rd8 32. d5 Ba8 33. d6 Rb7 34. c5 a5 35. Rxb7 Bxb7 36. Bf5 Bd5 37. Kf1 Rb8 38. d7 Bc4+ 39. Ke1 1-0

[Event "Montcalm 5 2024-25"]
[Site "Quebec CAN"]
[Date "2025.02.27"]
[Round "2"]
[White "Demushkina, Alina"]
[Black "Bourassa, Louis"]
[Result "0-1"]
[WhiteElo "1730"]
[BlackElo "1486"]
[WhiteFideId "-1"]
[WhiteFideId "-1"]
[PlyCount "76"]
[GameId "2150702741494500"]
[EventDate "2025.02.20"]
[EventType "swiss"]
[EventRounds "5"]
[EventCountry "CAN"]

1. e4 c5 2. Nf3 g6 3. d4 cxd4 4. Nxd4 Bg7 5. c3 Nc6 6. Be3 Nf6 7. Nd2 O-O 8. Be2 d5 9. Nxc6 bxc6 10. exd5 cxd5 11. Bd4 Qc7 12. Nf3 Bf5 13. O-O Rfe8 14. Bxf6 exf6 15. Qxd5 Rad8 16. Qc4 Qb6 17. b4 Be6 18. Qb5 Qc7 19. c4 Bd7 20. Qd5 Rxe2 21. Rad1 Ree8 22. Rfe1 Be6 23. Qb5 Qxc4 24. Qa5 Rxd1 25. Rxd1 Qxa2 26. Qxa2 Bxa2 27. Ra1 Bd5 28. Rxa7 Bxf3 29. gxf3 Rb8 30. Ra4 Bf8 31. Ra6 Kg7 32. Kg2 Rxb4 33. Kg3 Rb2 34. f4 Bc5 35. f3 Bg1 36. h3 Bh2+ 37. Kg4 Rg2+ 38. Kh4 Bxf4 0-1

[Event "Montcalm 5 2024-25"]
[Site "Quebec CAN"]
[Date "2025.02.27"]
[Round "2"]
[White "Drolet, Stephane"]
[Black "Sarra-Bournet, Marc"]
[Result "1-0"]
[WhiteElo "2038"]
[BlackElo "1766"]
[WhiteFideId "-1"]
[WhiteFideId "-1"]
[PlyCount "117"]
[GameId "2150702741486299"]
[EventDate "2025.02.20"]
[EventType "swiss"]
[EventRounds "5"]
[EventCountry "CAN"]

1. d4 d5 2. c4 e6 3. Nc3 Nf6 4. Bg5 Nbd7 5. cxd5 exd5 6. e3 Be7 7. Bd3 h6 8. Bf4 c6 9. h3 O-O 10. g4 Ne4 11. Nxe4 dxe4 12. Bxe4 Bb4+ 13. Kf1 Nf6 14. Bf3 Nd5 15. Be5 Re8 16. Qb3 Ba5 17. Ne2 Nb4 18. Qd1 Be6 19. a3 Nd5 20. Nf4 f6 21. Nxd5 Bxd5 22. Bg3 Qd7 23. Kg2 Rad8 24. Rc1 Bb6 25. b4 a5 26. bxa5 Bxa5 27. Rc5 Bxf3+ 28. Qxf3 Bb6 29. Rf5 Ra8 30. Rb1 Bd8 31. Rb3 Be7 32. d5 g6 33. dxc6 bxc6 34. Rf4 Qd5 35. Qxd5+ cxd5 36. Rd4 Red8 37. Rb5 Rxa3 38. Rbxd5 Rxd5 39. Rxd5 Kf7 40. h4 Ra4 41. Kf3 Ke6 42. Rb5 Ra6 43. h5 Kf7 44. Bc7 Rc6 45. Ba5 Rd6 46. Bb4 Re6 47. Rb7 gxh5 48. gxh5 f5 49. Rxe7+ Rxe7 50. Bxe7 Kxe7 51. Kf4 Kf6 52. f3 Ke6 53. e4 fxe4 54. fxe4 Kf6 55. e5+ Ke6 56. Ke4 Kf7 57. Kf5 Ke7 58. e6 Kf8 59. Kg6 1-0

[Event "Montcalm 5 2024-25"]
[Site "Quebec CAN"]
[Date "2025.02.27"]
[Round "2"]
[White "Dube, Dominic"]
[Black "Fahmi, Adam"]
[Result "0-1"]
[WhiteElo "1841"]
[BlackElo "1614"]
[WhiteFideId "-1"]
[WhiteFideId "-1"]
[PlyCount "110"]
[GameId "2150702741486306"]
[EventDate "2025.02.20"]
[EventType "swiss"]
[EventRounds "5"]
[EventCountry "CAN"]

1. e4 c5 2. Nf3 Nc6 3. d4 cxd4 4. Nxd4 Nf6 5. Nc3 e5 6. Ndb5 d6 7. Nd5 Nxd5 8. exd5 Nb8 9. c4 Be7 10. Be2 O-O 11. b3 Nd7 12. O-O f5 13. Bb2 a6 14. Nc3 Bf6 15. Qc2 e4 16. Rae1 Be5 17. Nd1 Bxb2 18. Qxb2 Ne5 19. Qc2 Qf6 20. f3 exf3 21. Bxf3 Bd7 22. Nb2 Rac8 23. Nd3 b5 24. Nxe5 dxe5 25. Kh1 Qd6 26. Rc1 Rc5 27. Qb2 Rfc8 28. Be2 bxc4 29. bxc4 g6 30. Rf3 e4 31. Rb3 Qxd5 32. Rb7 Qf7 33. Rd1 R5c7 34. Rb6 Rc6 35. Rb7 R6c7 36. Qb6 Be6 37. Rxc7 Rxc7 38. c5 Rb7 39. Qd8+ Qf8 40. c6 Rb8 41. c7 Ra8 42. Bxa6 Rxa6 43. Qb8 Rxa2 44. h3 Kg7 45. Rd8 Qc5 46. Rg8+ Bxg8 47. c8=Q Ra1+ 48. Kh2 Qg1+ 49. Kg3 Ra3+ 50. Kh4 Qf2+ 51. g3 g5+ 52. Kh5 Bf7+ 53. Kxg5 Rxg3+ 54. Qxg3 Qxg3+ 55. Kxf5 Qxh3+ 0-1

[Event "Montcalm 5 2024-25"]
[Site "Quebec CAN"]
[Date "2025.02.27"]
[Round "2"]
[White "Duguay-Piron, Simon"]
[Black "Dumont, Eric"]
[Result "1-0"]
[WhiteElo "1912"]
[BlackElo "1700"]
[WhiteFideId "-1"]
[WhiteFideId "-1"]
[PlyCount "71"]
[GameId "2150702741486303"]
[EventDate "2025.02.20"]
[EventType "swiss"]
[EventRounds "5"]
[EventCountry "CAN"]

1. e4 c6 2. Nc3 d5 3. Nf3 Bg4 4. h3 Bxf3 5. Qxf3 e6 6. g3 d4 7. Nb1 Qf6 8. Qb3 b6 9. Bg2 e5 10. d3 Nd7 11. c3 Bc5 12. O-O Ne7 13. Nd2 O-O 14. Qc2 Rac8 15. b4 dxc3 16. bxc5 cxd2 17. Bxd2 Nxc5 18. h4 Ne6 19. Qb2 Nd4 20. Rad1 c5 21. Be3 Nec6 22. Bh3 Rcd8 23. Kg2 Qf3+ 24. Kh2 Rd6 25. Bg2 Qf6 26. Qc1 Qe6 27. Rd2 h6 28. f4 exf4 29. gxf4 Qg4 30. Qe1 Rg6 31. f5 Ne5 32. Bxd4 Nxd3 33. Qe2 Qxh4+ 34. Kg1 Rxg2+ 35. Qxg2 cxd4 36. Rxd3 1-0

[Event "Montcalm 5 2024-25"]
[Site "Quebec CAN"]
[Date "2025.02.27"]
[Round "2"]
[White "Huxley, Zachary"]
[Black "Perreault, Jacquelin"]
[Result "0-1"]
[WhiteElo "1530"]
[BlackElo "1783"]
[WhiteFideId "-1"]
[WhiteFideId "-1"]
[PlyCount "106"]
[GameId "2150702741494499"]
[EventDate "2025.02.20"]
[EventType "swiss"]
[EventRounds "5"]
[EventCountry "CAN"]

1. e4 c5 2. Nf3 d6 3. c3 Nf6 4. Bd3 Nc6 5. Bc2 Bg4 6. h3 Bh5 7. Ba4 e6 8. O-O Be7 9. Re1 O-O 10. Na3 a6 11. Bxc6 bxc6 12. b4 cxb4 13. cxb4 d5 14. e5 Ne4 15. d3 Nc3 16. Qb3 Nb5 17. Nxb5 cxb5 18. d4 Rc8 19. a3 Qc7 20. Bf4 Qc2 21. Qxc2 Rxc2 22. g4 Bg6 23. Rec1 Rfc8 24. Bg5 Rxc1+ 25. Rxc1 Rxc1+ 26. Bxc1 Bd3 27. Kh2 f6 28. Kg3 Kf7 29. g5 f5 30. Kf4 Kg6 31. h4 Kh5 32. Kg3 Be4 33. Ng1 Kg6 34. Ne2 Bd8 35. Nf4+ Kf7 36. Nh3 a5 37. bxa5 Bxa5 38. h5 Bc3 39. g6+ hxg6 40. hxg6+ Kxg6 41. Nf4+ Kf7 42. Ne2 Ba1 43. Bd2 Bb2 44. Bc1 Ba1 45. Bd2 Bd3 46. Bc3 Bxc3 47. Nxc3 g5 48. f4 Kg6 49. a4 b4 50. Nd1 g4 51. Nb2 Ba6 52. a5 Bb5 53. Na4 Bxa4 0-1

[Event "Montcalm 5 2024-25"]
[Site "Quebec CAN"]
[Date "2025.02.27"]
[Round "2"]
[White "Laflamme, Simon"]
[Black "Bourassa, Samuel"]
[Result "1-0"]
[WhiteElo "1758"]
[BlackElo "2044"]
[WhiteFideId "-1"]
[WhiteFideId "-1"]
[PlyCount "43"]
[GameId "2150702741486298"]
[EventDate "2025.02.20"]
[EventType "swiss"]
[EventRounds "5"]
[EventCountry "CAN"]

1. d4 f5 2. c4 Nf6 3. Nc3 g6 4. h4 Bg7 5. h5 Nxh5 6. e4 Nf6 7. exf5 gxf5 8. Bd3 e6 9. Nf3 Nc6 10. Bf4 Ne7 11. Qd2 Ng6 12. Bh6 Qe7 13. O-O-O Bxh6 14. Qxh6 Ng4 15. Qxg6+ hxg6 16. Rxh8+ Kf7 17. Rh7+ Kf8 18. Rxe7 Kxe7 19. Rd2 d6 20. Re2 b6 21. Nd5+ Kd8 22. Nf4 1-0

[Event "Montcalm 5 2024-25"]
[Site "Quebec CAN"]
[Date "2025.02.27"]
[Round "2"]
[White "Mercure, Gilbert"]
[Black "Gaulin, Gaetan"]
[Result "1/2-1/2"]
[WhiteElo "1699"]
[BlackElo "1894"]
[WhiteFideId "-1"]
[WhiteFideId "-1"]
[PlyCount "97"]
[GameId "2150702741486304"]
[EventDate "2025.02.20"]
[EventType "swiss"]
[EventRounds "5"]
[EventCountry "CAN"]

1. e4 c5 2. b4 cxb4 3. a3 e6 4. axb4 Nf6 5. e5 Nd5 6. c3 d6 7. Nf3 dxe5 8. Bb5+ Bd7 9. Qe2 Bxb5 10. Qxb5+ Qd7 11. Qe2 Nf4 12. Qe4 Nd3+ 13. Ke2 Nxc1+ 14. Rxc1 Bd6 15. Na3 f5 16. Qc4 O-O 17. Nb5 Nc6 18. d4 a6 19. Nxd6 Qxd6 20. Rd1 exd4 21. Nxd4 Nxd4+ 22. Rxd4 Qe5+ 23. Kf1 Rac8 24. Qd3 Qxh2 25. Re1 Qh1+ 26. Ke2 Qxg2 27. Qe3 e5 28. Rd7 Qg4+ 29. f3 Qg2+ 30. Qf2 Qxf2+ 31. Kxf2 Rf7 32. Rxf7 Kxf7 33. Rxe5 Kf6 34. Re3 Rc7 35. f4 Rc4 36. Kf3 g5 37. fxg5+ Kxg5 38. Rd3 h5 39. Kg3 h4+ 40. Kh3 Rg4 41. Rd7 Rg3+ 42. Kh2 Rxc3 43. Rxb7 Rb3 44. Ra7 Kg4 45. Rg7+ Kf3 46. Rg6 Rxb4 47. Rxa6 Rb2+ 48. Kh3 f4 49. Ra3+ 1/2-1/2